| 000 | 012480000a22002770004500 | ||
|---|---|---|---|
| 001 | 18786 | ||
| 003 | CO-MdFUSB | ||
| 005 | 20190202100416.0 | ||
| 008 | 160805t2006 sp ||||| |||| 00| 0 spa d | ||
| 020 | _a8483104903 | ||
| 040 |
_aCO-MdFUSB _bEspañol _cCO-MdFUSB _dCO-MdFUSB |
||
| 041 | 0 | _aspa | |
| 082 |
_224 _aG 270.38 _bM612g |
||
| 100 | 1 |
_aMeyer, Jean _eautor |
|
| 245 | 1 | 0 |
_aLa gran controversia _b : las iglesias católicas y ortodoxa de los orígenes a nuestros días _c / Jean Meyer |
| 264 |
_aBarcelona _b: Tusquets Editores, _c2006 |
||
| 300 | _a468 páginas | ||
| 336 |
_2rdacontent _a1 _ba1 |
||
| 337 |
_2rdamedia _a2 _b5 |
||
| 338 |
_2rdacarrier _a2 _b5 |
||
| 490 |
_aTiempo de Memoria _vVol. 57 |
||
| 501 | _arústico | ||
| 505 | 0 | 0 | _aAgradecimientos -- Introducción -- La iglesia: una santa, católica y apostólica -- De las tensiones a la ruptura -- La imposible reunificación -- La tercera Roma -- El imperio y las iglesias ortodoxa y romana (1720 - 1905) -- Tiempos borrascosos, ilusiones renovadas, prejuicios confirmados (1910 - 1988) -- Historia inmediata: 1988-2004 -- Despedida -- Apéndices -- Cronología -- Notas -- Bibliografía. |
| 650 | 0 |
_aHistoria de la Iglesia _z(Edad Media), ca. 600-1500 _9285 |
|
| 942 | _cBK | ||
| 999 |
_c45192 _d45192 |
||